| 000 | 00550nas a22001697a 4500 | ||
|---|---|---|---|
| 999 |
_c1188 _d1188 |
||
| 008 | 130227t20059999ag ||||| |||| 00| 0 spa d | ||
| 022 | _a1666-3799 | ||
| 245 | _aHD Publicación cientifica del Hospital Durand | ||
| 260 |
_aBuenos Aires: _bComité de Docencia e Investigación del Hospital Durand, _c2005 |
||
| 300 | _av. : | ||
| 310 | _atrimestral | ||
| 546 | _aespañol | ||
| 590 | _aIndizada en LILACS | ||
| 590 | _aExistencias: 2005 3(1-4); 2006 4(1) BAJA DEPOSITO (CAJA 17) MAYO 2019 | ||
| 650 |
_aMEDICINA INTERNA _91738 |
||
| 942 |
_2ddc _cCR |
||